000 01105nam a22003257a 4500
003 CHAP
005 20220329143903.0
008 120605s1966 xxca r 00010 eng d
010 _a103286
011 _a104258
035 _a114948
040 _cCHAP
090 _aFolleto 18261
100 1 _aBrown, G.
_915645
245 1 4 _aThe use of modified wildland tree planters
_c/por G. Brown
260 _aToronto, Can. :
_bDepartment of Lands and Forests,
_c1966
300 _a16 h. :
_bilus.
490 0 _aSilvicultural notes.
_pSilviculture section. Timber branch
_v; 10
590 _aBATCH-UPD
_b10
_c20130110
_lUCH01
_h1402
590 _aBATCH-UPD
_b10
_c20130410
_lUCH01
_h0853
590 _aBATCH-UPD
_b10
_c20130914
_lUCH01
_h0752
590 _aCONVERSION
_b10
_c20130109
_lUCH01
_h1357
650 1 4 _aÁrboles.
_982433
650 1 4 _aPlantación de árboles.
_988782
650 1 4 _aPlantación forestal.
_988784
830 0 _aSilvicultural notes.
_pSilviculture section. Timber branch
_v; 10
_9106137
901 _aBK
942 _cFOLL
949 _aFolleto 18261
_bBC
_cFOLL
_d33724002134009
_eTS1
_i114948
_sb
999 _c103286
_d103286